• 首页
  • 本馆介绍
  • 公告通知
  • 最新文献
  • 馆藏检索
  • 电子资源
  • 读者导购
  • 参考咨询
  • 我的图书馆
  • 登录
  • 详细信息显示
  • 放入我的书架
  • 预约/预借图书
  • 作者相关作品
  • 分类相关作品
  • 丛书相关作品
  • 出版社相关作品

书目信息

  • 表格格式
  • 工作单格式
  • 卡片格式
题名:
蒙培元讲孟子
    
 
作者: 蒙培元 著
分册:  
出版信息: 北京   北京大学出版社  2006
页数: 241页
开本: 21cm
丛书名: 未名讲坛
单 册:
中图分类: B222.55
科图分类:
主题词: 哲学思想
电子资源:
ISBN: 7-301-11097-9
000 00903oam2 2200277 450
001 012007085053
005 20070517095636.49
010    @a7-301-11097-9@dCNY20.00
100    @a20070514d2006 km y0chiy0120 ea
101 0  @achi
102    @aCN@b110000
105    @aa z 000yy
106    @ar
200 1  @a蒙培元讲孟子@Ameng pei yuan jiang meng zi@f蒙培元著@Fmeng pei yuan zhu
210    @a北京@c北京大学出版社@d2006
215    @a241页@c图,照片@d21cm
225 2  @a未名讲坛
330    @a本书共九讲,讲述了孟子的生平、政治思想、社会经济思想、天人学说、生态学说、人性学说(上)、人性学说(下)、人格修养与境界、历史地位。
461  0 @12001 @a未名讲坛
600  0 @a孟轲@f(前372~前289)@x哲学思想@x研究
600  0 @a孟轲@f(前372~前289)
606 0  @a哲学思想
690    @aB222.55@v4
701  0 @a蒙培元@Ameng pei yuan@f(1938~)@4著
801  0 @aCN@bRULIN@c20070517
905    @dB222.55@e315@s8
    
    蒙培元讲孟子/蒙培元著.-北京:北京大学出版社,2006
    241页:图,照片;21cm.-(未名讲坛)
    
    
    ISBN 7-301-11097-9:CNY20.00
    本书共九讲,讲述了孟子的生平、政治思想、社会经济思想、天人学说、生态学说、人性学说(上)、人性学说(下)、人格修养与境界、历史地位。
●
相关链接 在E读中查询图书 在五车中查询图书 在当当中查询图书 在豆瓣中查询图书


正题名:蒙培元讲孟子     索取号:B222.55/315         预约/预借

序号 登录号 条形码 馆藏地/架位号 状态 备注
1 0577287   205772877   第一样本阅览室/ [索取号:B222.55/315] 在馆    
2 0577288   205772886   第一借阅区/ [索取号:B222.55/315] 在馆    
3 0577289   205772895   第一借阅区/ [索取号:B222.55/315] 在馆    
4 0577290   205772902   第一借阅区/ [索取号:B222.55/315] 在馆    
5 0577291   205772911   教育系资料室/ [索取号:B222.55/315] 在馆    
6 0577292   205772920   教育系资料室/ [索取号:B222.55/315] 在馆    
7 0577293   205772939   第一借阅区/ [索取号:B222.55/315] 在馆    
8 0577294   205772948   教育系资料室/ [索取号:B222.55/315] 在馆    
唐山师范学院图书馆 欢迎您!
大连网信软件有限公司© 版权所有